Concordance des codes égyptiens mixte et indigéne avec le Code Napoléon, suivie d'un appendice relatant la jurisprudence de la Cour d'appel mixte d'Alexandrie / (Record no. 46033)
[ view plain ]
| 000 -LEADER | |
|---|---|
| campo de control de longitud fija | 00542nam a2200145 i 4500 |
| 001 - NÚMERO DE CONTROL | |
| campo de control | 46033 |
| 003 - IDENTIFICADOR DE NÚMERO DE CONTROL | |
| campo de control | ES-MaACL |
| 007 - CAMPO FIJO DE DESCRIPCIÓN FÍSICA--INFORMACIÓN GENERAL | |
| campo de control de longitud fija | t| |
| 008 - DATOS DE LONGITUD FIJA--INFORMACIÓN GENERAL | |
| campo de control de longitud fija | 030327s1886 sp ||||1| fre d |
| 245 00 - MENCIÓN DEL TÍTULO | |
| Título | Concordance des codes égyptiens mixte et indigéne avec le Code Napoléon, suivie d'un appendice relatant la jurisprudence de la Cour d'appel mixte d'Alexandrie / |
| Mención de responsabilidad, etc. | par Joseph Aziz. |
| 260 ## - PUBLICACIÓN, DISTRIBUCIÓN, ETC. | |
| Lugar de publicación, distribución, etc. | Alexandrie : |
| Nombre del editor, distribuidor, etc. | [s.n.], |
| Fecha de publicación, distribución, etc. | 1886 ( |
| Fabricante | Typo-lit. V. Penasson) |
| 300 ## - DESCRIPCIÓN FÍSICA | |
| Extensión | XXI, 269 p. ; |
| Dimensiones | 28 cm. |
| 700 1# - ENTRADA AGREGADA--NOMBRE PERSONAL | |
| Nombre de persona | Aziz, Joseph. |
| 9 (RLIN) | 24293 |
| 852 ## - LOCALIZACIÓN | |
| Ubicación | ES-MaACL |
| Número de control de estantería | G-3014 |
| Estatus retirado | Estado de pérdida | Estado de daño | No para préstamo | Colección | Biblioteca de origen | Biblioteca actual | Ubicación en estantería | Fecha de adquisición | Fuente de adquisición | Total de préstamos | Signatura topográfica completa | Código de barras | Visto por última vez | Precio de reemplazo | Tipo de ítem Koha |
|---|---|---|---|---|---|---|---|---|---|---|---|---|---|---|---|
| Libros del s. XIX | Biblioteca del Ateneo de Madrid | Biblioteca del Ateneo de Madrid | Depósito 2 | 17/01/2008 | G-3014 | 1048428 | 23/02/2023 | 23/02/2023 | Libro impreso antiguo |
